| 000 | 00497nam a2200193 a 4500 | ||
|---|---|---|---|
| 001 | 12935 | ||
| 003 | CO-ViMGA | ||
| 008 | 141112s2004 ck r 000 u spa d | ||
| 040 |
_aCO-ViMGA _bspa _cCO-ViMGA |
||
| 082 | 0 | 4 | _a128.1 G15a |
| 100 | 1 |
_aGallo, Gonzalez Gonzalo _918833 |
|
| 245 | 1 | 0 | _aAeróbicos Espirituales |
| 260 |
_aBogotá : _bEmprolibros, _c1995 |
||
| 300 | _a353p. | ||
| 650 | 1 | 4 |
_aALMA _918834 |
| 650 | 1 | 4 |
_aESPIRITUALIDAD _918835 |
| 650 | 1 | 4 | _aVALORES - FILOSOFIA |
| 942 |
_2ddc _cBK |
||
| 999 |
_c23835 _d23835 |
||